000
00290nam a2200109Ia 4500
008
230907s9999||||xx |||||||||||||| ||und||
082
_a
658.2
_b
GUS
100
_a
Gustin, Joseph
_9
118018
245
_a
Facility manager's handbook /
_c
Joseph Gustin.
260
_c
2019-09-27
942
_2
ddc
_c
EB
999
_c
599630
_d
599630